000 00258nam a2200121Ia 4500
008 231129s9999||||xx |||||||||||||| ||spa||
040 _bspa
082 _a923.9 L263
100 _aLandstrom Bjorn
245 0 _aColon
264 _aJuventud
942 _2ddc
_cBKS
999 _c7386
_d7386